01378naa a2200181 a 450000100080000000500110000800800410001910000170006024500490007726000090012652008940013565300110102965300170104065300130105765300100107070000170108077300990109711307532021-04-28 2021 bl uuuu u00u1 u #d1 aSOUZA, R. V. aPeixes de ??gua doce.h[electronic resource] c2021 aDe acordo com a FAO , os peixes de ??gua doce representaram 40,11% (45,9 milh??es de toneladas) do montante total produzido pela aquicultura mundial em 2018. Quando se consideram outros tipos de peixes, como os di??dromos (que migram entre ??gua doce e salgada visando, por exemplo, a reprodu????o) e os marinhos, os de ??gua doce se destacam por serem 84,61% do total produzido. A piscicultura de ??gua doce cresceu em um ritmo pouco maior que o da aquicultura em geral, numa taxa de 3,02% entre 2017 e 2018. Os dois principais grupos de peixes produzidos s??o as carpas e outros ciprin??deos, e as til??pias e outros cicl??deos, sendo que 10 entre as 30 esp??cies mais produzidas pela aquicultura mundial em 2018 (incluindo crust??ceos e moluscos) pertenciam ao grupo dos ciprin??deos. A til??pia-do-nilo ?? a quarta esp??cie dessa lista, com uma produ????o de 4,5 milh??es de toneladas. acarpas apiscicultura atil??pia atruta1 aSILVA, F. M. tS??ntese Anual da Agricultura de Santa Catarina - 2019-2020, Florian??polis, p. 138-140, 2021.